Westward expansion / (Record no. 8942)

MARC details
000 -LEADER
fixed length control field 02664cam a2200553 a 4500
001 - CONTROL NUMBER
control field 8942
003 - CONTROL NUMBER IDENTIFIER
control field FISKH
005 - DATE AND TIME OF LATEST TRANSACTION
control field 20251111083007.0
008 - FIXED-LENGTH DATA ELEMENTS--GENERAL INFORMATION
fixed length control field 090713s2010 nyuab j b 001 0 eng
010 ## - LIBRARY OF CONGRESS CONTROL NUMBER
LC control number 2009028630
020 ## - INTERNATIONAL STANDARD BOOK NUMBER
International Standard Book Number 9780531205860
Qualifying information lib. bdg.
020 ## - INTERNATIONAL STANDARD BOOK NUMBER
International Standard Book Number 9780531212493
020 ## - INTERNATIONAL STANDARD BOOK NUMBER
International Standard Book Number 053120586X
Qualifying information lib. bdg.
020 ## - INTERNATIONAL STANDARD BOOK NUMBER
International Standard Book Number 9780531212493
Qualifying information pbk.
020 ## - INTERNATIONAL STANDARD BOOK NUMBER
International Standard Book Number 0531212491
Qualifying information pbk.
040 ## - CATALOGING SOURCE
Original cataloging agency DLC
Transcribing agency DLC
Modifying agency DLC
Language of cataloging eng
050 00 - LIBRARY OF CONGRESS CALL NUMBER
Classification number E179.5
Item number .D654 2010
082 00 - DEWEY DECIMAL CLASSIFICATION NUMBER
Classification number 978/.02
Edition number 22
100 1# - MAIN ENTRY--PERSONAL NAME
Personal name Domnauer, Teresa.
245 10 - TITLE STATEMENT
Title Westward expansion /
Statement of responsibility, etc. Teresa Domnauer.
260 ## - PUBLICATION, DISTRIBUTION, ETC.
Place of publication, distribution, etc. New York :
Name of publisher, distributor, etc. Children's Press,
Date of publication, distribution, etc. 2010.
300 ## - PHYSICAL DESCRIPTION
Extent 48 pages :
Other physical details color illustrations ;
Dimensions 22 cm
336 ## - CONTENT TYPE
Content type term text
Content type code txt
Source rdacontent
337 ## - MEDIA TYPE
Media type term unmediated
Media type code n
Source rdamedia
338 ## - CARRIER TYPE
Carrier type term volume
Carrier type code nc
Source rdacarrier
490 1# - SERIES STATEMENT
Series statement A true book
504 ## - BIBLIOGRAPHY, ETC. NOTE
Bibliography, etc. note Includes bibliographical references (p. 44) and index.
505 0# - FORMATTED CONTENTS NOTE
Formatted contents note A growing nation : why did people begin moving to the West? -- Beyond the Appalachians : who blazed a trail through the Appalachian Mountains? -- Exploring the West : how did men and women work together to explore the West? -- Native American struggles : why were Native Americans forced to leave their homelands? -- Pathway to the Pacific : why did the United States fight a war with Mexico? -- The end of the frontier : what dangers did cowboys face in the West?
520 ## - SUMMARY, ETC.
Summary, etc. Describes the causes, methods, people, and effects of the expansion of the original thirteen colonies to the West.
650 #0 - SUBJECT ADDED ENTRY--TOPICAL TERM
Topical term or geographic name entry element Frontier and pioneer life
Geographic subdivision West (U.S.)
Form subdivision Juvenile literature.
650 #0 - SUBJECT ADDED ENTRY--TOPICAL TERM
Topical term or geographic name entry element Indians of North America
Geographic subdivision West (U.S.)
General subdivision History
Form subdivision Juvenile literature.
650 #0 - SUBJECT ADDED ENTRY--TOPICAL TERM
Topical term or geographic name entry element Indians of North America
General subdivision Government relations
Form subdivision Juvenile literature.
650 #0 - SUBJECT ADDED ENTRY--TOPICAL TERM
Topical term or geographic name entry element Overland journeys to the Pacific
Form subdivision Juvenile literature.
650 #1 - SUBJECT ADDED ENTRY--TOPICAL TERM
Topical term or geographic name entry element Frontier and pioneer life
Geographic subdivision West (U.S.)
650 #1 - SUBJECT ADDED ENTRY--TOPICAL TERM
Topical term or geographic name entry element Indians of North America
Geographic subdivision West (U.S.)
General subdivision History.
650 #1 - SUBJECT ADDED ENTRY--TOPICAL TERM
Topical term or geographic name entry element Indians of North America
General subdivision Government relations.
650 #1 - SUBJECT ADDED ENTRY--TOPICAL TERM
Topical term or geographic name entry element Overland journeys to the Pacific.
651 #0 - SUBJECT ADDED ENTRY--GEOGRAPHIC NAME
Geographic name United States
General subdivision Territorial expansion
Form subdivision Juvenile literature.
651 #0 - SUBJECT ADDED ENTRY--GEOGRAPHIC NAME
Geographic name West (U.S.)
General subdivision Discovery and exploration
Form subdivision Juvenile literature.
651 #0 - SUBJECT ADDED ENTRY--GEOGRAPHIC NAME
Geographic name West (U.S.)
General subdivision History
Chronological subdivision 19th century
Form subdivision Juvenile literature.
651 #1 - SUBJECT ADDED ENTRY--GEOGRAPHIC NAME
Geographic name United States
General subdivision Territorial expansion.
651 #1 - SUBJECT ADDED ENTRY--GEOGRAPHIC NAME
Geographic name West (U.S.)
General subdivision Discovery and exploration.
651 #1 - SUBJECT ADDED ENTRY--GEOGRAPHIC NAME
Geographic name West (U.S.)
General subdivision History
Chronological subdivision 19th century.
655 #7 - INDEX TERM--GENRE/FORM
Genre/form data or focus term Literature.
Source of term lcgft
Authority record control number or standard number https://id.loc.gov/authorities/genreForms/gf2014026415
830 #0 - SERIES ADDED ENTRY--UNIFORM TITLE
Uniform title True book.
906 ## - LOCAL DATA ELEMENT F, LDF (RLIN)
a 7
b cbc
c orignew
d 1
e ecip
f 20
g y-gencatlg
942 ## - ADDED ENTRY ELEMENTS (KOHA)
Source of classification or shelving scheme Dewey Decimal Classification
Koha item type Books
Suppress in OPAC No
Holdings
Withdrawn status Lost status Source of classification or shelving scheme Damaged status Not for loan Collection Home library Current library Shelving location Date acquired Total Checkouts Full call number Barcode Date last seen Copy number Price effective from Koha item type
    Dewey Decimal Classification     Non-Fiction Footprints International School Library Network Toul Tom Poung Campus Footprints International School Library Network Toul Tom Poung Campus TTP Secondary Non-Fiction Bookshelves 11/11/2025   DOM 978.02 E179 .D654 2025-5105 11/11/2025 1 11/11/2025 Books